[Event "SVK Amateur-ch 2020"]
[Site "Topolcany"]
[Date "2020.07.11"]
[Round "3.6"]
[White "Meers, Hubert"]
[Black "Balint, Vilmos"]
[Result "1/2-1/2"]
[WhiteElo "2037"]
[BlackElo "2143"]
[Annotator "ChessBase"]
[PlyCount "89"]
[EventDate "2020.07.10"]
[EventType "swiss"]
[EventCountry "SVK"]
[SourceTitle "playchess.com"]
[Source "ChessBase"]
[SourceQuality "1"]
[TimeControl "3600+30"]

1. e4 {[%emt 0:00:00]} c5 {[%emt 0:00:00]} 2. Nf3 {[%emt 0:00:00]} a6 {[%emt 0:00:00]} 3. c4 {[%emt 0:00:00]} Nc6 {[%emt 0:00:00]} 4. d4 {[%emt 0:00:00]} cxd4 {[%emt 0:00:02]} 5. Nxd4 {[%emt 0:00:00]} e5 {[%emt 0:00:05]} 6. Nc2 {[%emt 0:00:56]} Bc5 {[%emt 0:00:05]} 7. Be3 {[%emt 0:04:23]} d6 {[%emt 0:03:18]} 8. Nc3 {[%emt 0:04:52]} Nf6 {[%emt 0:01:14]} 9. Be2 {[%emt 0:03:03]} Be6 {[%emt 0:01:00]} 10. Qd2 {[%emt 0:03:38]} O-O {[%emt 0:03:42]} 11. O-O {[%emt 0:01:26]} Rc8 {[%emt 0:02:42]} 12. f3 {[%emt 0:06:20]} Qb6 {[%emt 0:03:40]} 13. Rfd1 {[%emt 0:10:33]} Rfd8 {[%emt 0:04:45]} 14. Kf2 {[%emt 0:01:48]} Ne8 {[%emt 0:07:32]} 15. Na4 {[%emt 0:03:36]} Qa7 {[%emt 0:03:45]} 16. b4 {[%emt 0:07:06]} Bxe3+ {[%emt 0:03:26]} 17. Qxe3 {[%emt 0:00:05]} f5 {[%emt 0:03:25]} 18. exf5 {[%emt 0:09:06]} Bxf5 {[%emt 0:00:10]} 19. Qxa7 {[%emt 0:00:51]} Nxa7 {[%emt 0:00:02]} 20. Ne3 {[%emt 0:00:07]} Be6 {[%emt 0:00:46]} 21. Bd3 {[%emt 0:04:28]} Nf6 {[%emt 0:04:27]} 22. Rac1 {[%emt 0:06:37]} g6 {[%emt 0:03:50]} 23. Be4 {[%emt 0:00:49]} Rc7 {[%emt 0:03:50]} 24. Nb6 {[%emt 0:01:00]} Nc6 {[%emt 0:00:23]} 25. c5 {[%emt 0:01:03]} Nxe4+ {[%emt 0:00:26]} 26. fxe4 {[%emt 0:00:05]} Rf8+ {[%emt 0:00:08]} 27. Kg1 {[%emt 0:00:31]} dxc5 {[%emt 0:00:09]} 28. Rxc5 {[%emt 0:00:18]} Rcf7 {[%emt 0:03:13]} 29. a3 {[%emt 0:00:57]} Rf2 {[%emt 0:00:45]} 30. Nbc4 {[%emt 0:00:41]} Re2 {[%emt 0:00:56]} 31. b5 {[%emt 0:00:37]} axb5 {[%emt 0:00:18]} 32. Rxb5 {[%emt 0:00:04]} Rf7 {[%emt 0:06:12]} 33. Rdb1 {[%emt 0:00:38]} Nd8 {[%emt 0:07:16]} 34. Rxe5 {[%emt 0:00:42]} Rc7 {[%emt 0:00:07]} 35. Rd1 {[%emt 0:00:24]} Rc8 {[%emt 0:00:49]} 36. Rxd8+ {[%emt 0:00:31]} Rxd8 {[%emt 0:00:01]} 37. Rxe6 {[%emt 0:00:06]} b5 {[%emt 0:00:01]} 38. Kf1 {[%emt 0:00:19]} Ra2 {[%emt 0:00:06]} 39. Nd6 {[%emt 0:00:34]} Rf8+ {[%emt 0:00:04]} 40. Ke1 {[%emt 0:00:30]} Rff2 {[%emt 0:00:10]} 41. Re8+ {[%emt 0:00:44]} Kg7 {[%emt 0:00:03]} 42. Re7+ {[%emt 0:00:37]} Kg8 {[%emt 0:00:13]} 43. Re8+ {[%emt 0:00:28]} Kg7 {[%emt 0:00:02]} 44. Re7+ {[%emt 0:00:34]} Kg8 {[%emt 0:00:04]} 45. Re8+ {[%emt 0:00:10]} 1/2-1/2

[Event "SVK Amateur-ch 2020"]
[Site "Topolcany"]
[Date "2020.07.11"]
[Round "3.6"]
[White "Szocs, Ladislav"]
[Black "Lach, Piotr"]
[Result "0-1"]
[WhiteElo "1801"]
[BlackElo "2086"]
[Annotator "ChessBase"]
[PlyCount "89"]
[EventDate "2020.07.10"]
[EventType "swiss"]
[EventCountry "SVK"]
[SourceTitle "playchess.com"]
[Source "ChessBase"]
[SourceQuality "1"]
[TimeControl "3600+30"]

1. Nf3 {[%emt 0:00:04]} Nf6 {[%emt 0:00:00]} 2. g3 {[%emt 0:00:18]} e6 {[%emt 0:01:06]} 3. Bg2 {[%emt 0:00:20]} d5 {[%emt 0:01:32]} 4. O-O {[%emt 0:00:49]} Be7 {[%emt 0:00:42]} 5. d4 {[%emt 0:00:57]} O-O {[%emt 0:00:17]} 6. c4 {[%emt 0:00:50]} c6 {[%emt 0:01:41]} 7. Nc3 {[%emt 0:01:03]} Nbd7 {[%emt 0:00:40]} 8. cxd5 {[%emt 0:03:14]} exd5 {[%emt 0:00:24]} 9. b3 {[%emt 0:03:58]} Re8 {[%emt 0:04:18]} 10. Bb2 {[%emt 0:01:53]} Bd6 {[%emt 0:02:51]} 11. Re1 {[%emt 0:02:55]} Nf8 {[%emt 0:12:43]} 12. Nd2 {[%emt 0:04:18]} Bf5 {[%emt 0:08:48]} 13. e4 {[%emt 0:08:41]} dxe4 {[%emt 0:00:24]} 14. Ndxe4 {[%emt 0:00:20]} Bb4 {[%emt 0:05:13]} 15. Nxf6+ {[%emt 0:18:06]} Qxf6 {[%emt 0:00:05]} 16. Qf3 {[%emt 0:03:14]} Qg6 {[%emt 0:03:55]} 17. Re5 {[%emt 0:02:31]} Rxe5 {[%emt 0:01:38]} 18. dxe5 {[%emt 0:00:05]} Ne6 {[%emt 0:01:05]} 19. Ne4 {[%emt 0:11:07]} Bxe4 {[%emt 0:02:13]} 20. Qxe4 {[%emt 0:00:06]} Qxe4 {[%emt 0:00:04]} 21. Bxe4 {[%emt 0:00:29]} Rd8 {[%emt 0:00:06]} 22. a3 {[%emt 0:04:11]} Bc5 {[%emt 0:00:11]} 23. b4 {[%emt 0:00:33]} Bxf2+ {[%emt 0:02:27]} 24. Kxf2 {[%emt 0:00:52]} Rd2+ {[%emt 0:00:03]} 25. Ke3 {[%emt 0:00:42]} Rxb2 {[%emt 0:00:04]} 26. Rd1 {[%emt 0:00:24]} Rb3+ {[%emt 0:00:41]} 27. Ke2 {[%emt 0:00:13]} Nf8 {[%emt 0:10:45]} 28. Rd8 {[%emt 0:00:24]} Rxa3 {[%emt 0:01:10]} 29. Rb8 {[%emt 0:00:26]} a5 {[%emt 0:00:30]} 30. Rxb7 {[%emt 0:00:40]} axb4 {[%emt 0:00:09]} 31. Rxb4 {[%emt 0:00:34]} Ra5 {[%emt 0:00:32]} 32. Bxc6 {[%emt 0:00:35]} Rxe5+ {[%emt 0:00:02]} 33. Kf3 {[%emt 0:00:42]} Re7 {[%emt 0:01:22]} 34. Rb8 {[%emt 0:00:19]} g6 {[%emt 0:00:12]} 35. Rd8 {[%emt 0:00:44]} Kg7 {[%emt 0:00:11]} 36. Bd5 {[%emt 0:00:19]} Ra7 {[%emt 0:00:20]} 37. h4 {[%emt 0:00:31]} h5 {[%emt 0:00:18]} 38. Ra8 {[%emt 0:00:18]} Rd7 {[%emt 0:00:19]} 39. Bc4 {[%emt 0:00:31]} Rc7 {[%emt 0:00:12]} 40. Bd5 {[%emt 0:00:52]} Nd7 {[%emt 0:00:17]} 41. Ra3 {[%emt 0:00:42]} Nf6 {[%emt 0:00:23]} 42. Be4 {[%emt 0:00:32]} Rc1 {[%emt 0:00:34]} 43. Bd3 {[%emt 0:00:36]} Ng4 {[%emt 0:00:25]} 44. Be2 {[%emt 0:00:26]} Rc2 {[%emt 0:00:45]} 45. Rb3 {[%emt 0:01:06]} 0-1

[Event "SVK Amateur-ch 2020"]
[Site "Topolcany"]
[Date "2020.07.11"]
[Round "3.7"]
[White "Gromovs, Sergejs"]
[Black "Dziewonski, Dariusz"]
[Result "1-0"]
[WhiteElo "2131"]
[BlackElo "2029"]
[Annotator "ChessBase"]
[PlyCount "57"]
[EventDate "2020.07.10"]
[EventType "swiss"]
[EventCountry "SVK"]
[SourceTitle "playchess.com"]
[Source "ChessBase"]
[SourceQuality "1"]
[TimeControl "3600+30"]

1. d4 {[%emt 0:00:00]} d5 {[%emt 0:00:00]} 2. Nf3 {[%emt 0:00:00]} Nf6 {[%emt 0:00:00]} 3. c4 {[%emt 0:00:00]} e6 {[%emt 0:00:00]} 4. Nc3 {[%emt 0:00:00]} Be7 {[%emt 0:00:00]} 5. Bf4 {[%emt 0:00:00]} O-O {[%emt 0:00:15]} 6. e3 {[%emt 0:00:00]} c5 {[%emt 0:01:44]} 7. dxc5 {[%emt 0:00:04]} Bxc5 {[%emt 0:00:59]} 8. Qc2 {[%emt 0:00:05]} Qe7 {[%emt 0:07:38]} 9. a3 {[%emt 0:00:14]} a5 {[%emt 0:02:40]} 10. Be2 {[%emt 0:01:01]} b6 {[%emt 0:03:07]} 11. O-O {[%emt 0:00:39]} Bb7 {[%emt 0:00:40]} 12. Nb5 {[%emt 0:01:10]} Nbd7 {[%emt 0:02:02]} 13. Rfd1 {[%emt 0:02:18]} Rac8 {[%emt 0:02:08]} 14. b4 {[%emt 0:03:04]} axb4 {[%emt 0:04:26]} 15. axb4 {[%emt 0:00:18]} Bxb4 {[%emt 0:00:44]} 16. Ra7 {[%emt 0:00:03]} Bc6 {[%emt 0:02:22]} 17. Nfd4 {[%emt 0:01:40]} Bxb5 {[%emt 0:08:07]} 18. Nxb5 {[%emt 0:00:05]} e5 {[%emt 0:02:20]} 19. Bg5 {[%emt 0:01:17]} Qc5 {[%emt 0:01:51]} 20. Qa4 {[%emt 0:01:32]} dxc4 {[%emt 0:05:25]} 21. Nd6 {[%emt 0:01:23]} b5 {[%emt 0:06:34]} 22. Nxb5 {[%emt 0:05:18]} Nb6 {[%emt 0:02:06]} 23. Qa6 {[%emt 0:00:05]} c3 {[%emt 0:01:48]} 24. e4 {[%emt 0:02:09]} Nc4 {[%emt 0:06:27]} 25. Bxf6 {[%emt 0:05:19]} gxf6 {[%emt 0:02:16]} 26. Qxf6 {[%emt 0:01:04]} Rc6 {[%emt 0:01:39]} 27. Qf5 {[%emt 0:04:58]} Qxb5 {[%emt 0:01:04]} 28. Rd8 {[%emt 0:00:34]} Qc5 {[%emt 0:03:26]} 29. Qxf7+ {[%emt 0:00:09]} 1-0

[Event "SVK Amateur-ch 2020"]
[Site "Topolcany"]
[Date "2020.07.11"]
[Round "3.7"]
[White "Lecky, Juraj"]
[Black "Mesaros, Jan"]
[Result "1-0"]
[WhiteElo "2083"]
[BlackElo "1782"]
[Annotator "RC"]
[PlyCount "39"]
[EventDate "2020.07.10"]
[EventType "swiss"]
[EventCountry "SVK"]
[SourceTitle "playchess.com"]
[Source "ChessBase"]
[SourceQuality "1"]
[TimeControl "3600+30"]

1. Nf3 {[%emt 0:00:00]} Nf6 {[%emt 0:00:00]} 2. c4 {[%emt 0:00:00]} c5 {[%emt 0:00:13]} 3. b3 {[%emt 0:00:00]} b6 {[%emt 0:00:18]} 4. g3 {[%emt 0:00:00]} Bb7 {[%emt 0:00:09]} 5. Bg2 {[%emt 0:00:00]} e6 {[%emt 0:00:29]} 6. O-O {[%emt 0:00:17]} Be7 {[%emt 0:00:29]} 7. Nc3 {[%emt 0:00:55]} d6 {[%emt 0:00:44]} 8. e3 {[%emt 0:01:12]} Nbd7 {[%emt 0:00:59]} 9. d4 {[%emt 0:00:59]} cxd4 {[%emt 0:00:10]} 10. Nxd4 {[%emt 0:02:43]} Bxg2 {[%emt 0:00:44]} 11. Kxg2 {[%emt 0:00:02]} Qc8 {[%emt 0:01:47]} 12. e4 {[%emt 0:09:33]} a6 {[%emt 0:00:23]} 13. Bb2 {[%emt 0:02:09]} Qb7 {[%emt 0:02:24]} 14. Qe2 {[%emt 0:03:29]} h5 {[%emt 0:01:10]} 15. h3 {[%emt 0:01:19]} Nc5 {[%emt 0:01:16]} 16. Rae1 {[%emt 0:03:56]} Qc7 {[%emt 0:00:21]} 17. f4 {[%emt 0:02:48]} g6 {[%emt 0:01:01]} 18. e5 {[%emt 0:11:13]} Qb7+ {[%emt 0:01:35]} 19. Kg1 {[%emt 0:01:01]} Nfd7 {[%emt 0:00:50]} 20. b4 {[%emt 0:00:32]} 1-0

[Event "SVK Amateur-ch 2020"]
[Site "Topolcany"]
[Date "2020.07.11"]
[Round "3.8"]
[White "Kalisky, Vladimir"]
[Black "Janco, Darius"]
[Result "1-0"]
[WhiteElo "2136"]
[BlackElo "2003"]
[Annotator "ChessBase"]
[PlyCount "49"]
[EventDate "2020.07.10"]
[EventType "swiss"]
[EventCountry "SVK"]
[SourceTitle "playchess.com"]
[Source "ChessBase"]
[SourceQuality "1"]
[TimeControl "3600+30"]

1. Nf3 {[%emt 0:00:00]} Nf6 {[%emt 0:09:01]} 2. g3 {[%emt 0:00:07]} g6 {[%emt 0:00:20]} 3. Bg2 {[%emt 0:00:15]} Bg7 {[%emt 0:00:12]} 4. O-O {[%emt 0:00:12]} O-O {[%emt 0:00:11]} 5. c4 {[%emt 0:00:27]} c5 {[%emt 0:00:42]} 6. Nc3 {[%emt 0:00:27]} Nc6 {[%emt 0:04:58]} 7. d4 {[%emt 0:00:16]} cxd4 {[%emt 0:02:44]} 8. Nxd4 {[%emt 0:01:15]} Nxd4 {[%emt 0:00:28]} 9. Qxd4 {[%emt 0:00:03]} d6 {[%emt 0:00:20]} 10. Qd3 {[%emt 0:06:53]} Qa5 {[%emt 0:01:40]} 11. Bd2 {[%emt 0:06:04]} Qh5 {[%emt 0:00:52]} 12. f3 {[%emt 0:00:19]} Nd7 {[%emt 0:00:36]} 13. Nd5 {[%emt 0:10:51]} e6 {[%emt 0:02:17]} 14. Ne7+ {[%emt 0:09:38]} Kh8 {[%emt 0:00:08]} 15. Qxd6 {[%emt 0:00:52]} Nb6 {[%emt 0:08:52]} 16. Bc3 {[%emt 0:01:06]} e5 {[%emt 0:00:44]} 17. b3 {[%emt 0:06:47]} Be6 {[%emt 0:00:31]} 18. Rad1 {[%emt 0:00:26]} Qg5 {[%emt 0:05:56]} 19. f4 {[%emt 0:02:04]} exf4 {[%emt 0:01:03]} 20. gxf4 {[%emt 0:00:17]} Qg4 {[%emt 0:03:44]} 21. h3 {[%emt 0:04:49]} Qh4 {[%emt 0:03:03]} 22. Bxg7+ {[%emt 0:01:15]} Kxg7 {[%emt 0:00:02]} 23. Qe5+ {[%emt 0:01:33]} Kh6 {[%emt 0:02:10]} 24. f5 {[%emt 0:03:55]} Qxe7 {[%emt 0:01:34]} 25. f6 {[%emt 0:01:01]} 1-0

[Event "SVK Amateur-ch 2020"]
[Site "Topolcany"]
[Date "2020.07.11"]
[Round "3.8"]
[White "Matejov, Jaroslav"]
[Black "Panda Gyorgy"]
[Result "1-0"]
[WhiteElo "2021"]
[BlackElo "1773"]
[Annotator "ChessBase"]
[PlyCount "71"]
[EventDate "2020.07.10"]
[EventType "swiss"]
[EventCountry "SVK"]
[SourceTitle "playchess.com"]
[Source "ChessBase"]
[SourceQuality "1"]
[TimeControl "3600+30"]

1. e4 {[%emt 0:02:13]} c5 {[%emt 0:00:00]} 2. Nc3 {[%emt 0:00:10]} a6 {[%emt 0:00:27]} 3. a4 {[%emt 0:00:23]} e6 {[%emt 0:01:46]} 4. g3 {[%emt 0:00:25]} g6 {[%emt 0:00:45]} 5. Bg2 {[%emt 0:00:08]} Bg7 {[%emt 0:00:07]} 6. Nge2 {[%emt 0:00:05]} Ne7 {[%emt 0:00:12]} 7. O-O {[%emt 0:00:21]} O-O {[%emt 0:00:06]} 8. d3 {[%emt 0:01:07]} d6 {[%emt 0:02:45]} 9. Be3 {[%emt 0:04:46]} Nbc6 {[%emt 0:00:33]} 10. Qd2 {[%emt 0:00:23]} Re8 {[%emt 0:00:21]} 11. h3 {[%emt 0:05:45]} b6 {[%emt 0:02:02]} 12. Bh6 {[%emt 0:01:28]} Bh8 {[%emt 0:00:27]} 13. f4 {[%emt 0:02:17]} Ra7 {[%emt 0:03:20]} 14. Kh2 {[%emt 0:02:21]} Nd4 {[%emt 0:01:25]} 15. Nxd4 {[%emt 0:00:55]} Bxd4 {[%emt 0:00:43]} 16. Nd1 {[%emt 0:00:51]} Bh8 {[%emt 0:04:13]} 17. c3 {[%emt 0:01:56]} d5 {[%emt 0:02:35]} 18. e5 {[%emt 0:01:47]} Nc6 {[%emt 0:08:06]} 19. Nf2 {[%emt 0:01:07]} f6 {[%emt 0:01:22]} 20. exf6 {[%emt 0:00:22]} Bxf6 {[%emt 0:01:21]} 21. Bg5 {[%emt 0:03:03]} Bxg5 {[%emt 0:01:17]} 22. fxg5 {[%emt 0:00:10]} e5 {[%emt 0:00:35]} 23. c4 {[%emt 0:01:45]} Nb4 {[%emt 0:06:02]} 24. cxd5 {[%emt 0:00:53]} Nxd5 {[%emt 0:02:16]} 25. Bxd5+ {[%emt 0:00:22]} Qxd5 {[%emt 0:00:18]} 26. Ne4 {[%emt 0:00:08]} Kg7 {[%emt 0:02:57]} 27. Nf6 {[%emt 0:01:01]} Qe6 {[%emt 0:00:21]} 28. Nxe8+ {[%emt 0:00:26]} Qxe8 {[%emt 0:00:12]} 29. Qe3 {[%emt 0:01:44]} Qe6 {[%emt 0:00:53]} 30. g4 {[%emt 0:00:15]} Re7 {[%emt 0:03:25]} 31. Rf6 {[%emt 0:02:22]} Qb3 {[%emt 0:00:23]} 32. Qe2 {[%emt 0:02:14]} Bb7 {[%emt 0:00:21]} 33. Raf1 {[%emt 0:00:32]} Qd5 {[%emt 0:03:13]} 34. Qf2 {[%emt 0:01:56]} e4 {[%emt 0:01:04]} 35. Rxg6+ {[%emt 0:00:57]} hxg6 {[%emt 0:02:51]} 36. Qf8+ {[%emt 0:00:11]} 1-0

[Event "SVK Amateur-ch 2020"]
[Site "Topolcany"]
[Date "2020.07.11"]
[Round "3.9"]
[White "Zetocha, Adrian"]
[Black "Varga, Milan"]
[Result "1-0"]
[WhiteElo "2073"]
[BlackElo "1839"]
[Annotator "ChessBase"]
[PlyCount "45"]
[EventDate "2020.07.10"]
[EventType "swiss"]
[EventCountry "SVK"]
[SourceTitle "playchess.com"]
[Source "ChessBase"]
[SourceQuality "1"]
[TimeControl "3600+30"]

1. d4 {[%emt 0:00:14]} Nf6 {[%emt 0:01:22]} 2. c4 {[%emt 0:00:12]} g6 {[%emt 0:01:17]} 3. Nc3 {[%emt 0:00:15]} Bg7 {[%emt 0:03:40]} 4. Nf3 {[%emt 0:00:12]} O-O {[%emt 0:01:19]} 5. Bg5 {[%emt 0:00:55]} Ne8 {[%emt 0:01:26]} 6. e4 {[%emt 0:01:35]} f6 {[%emt 0:01:37]} 7. Be3 {[%emt 0:02:08]} d6 {[%emt 0:02:04]} 8. Be2 {[%emt 0:01:37]} Bg4 {[%emt 0:05:16]} 9. Qb3 {[%emt 0:08:26]} Qc8 {[%emt 0:05:01]} 10. O-O-O {[%emt 0:02:04]} Be6 {[%emt 0:02:45]} 11. h4 {[%emt 0:00:57]} Bg4 {[%emt 0:07:09]} 12. h5 {[%emt 0:06:29]} Bxh5 {[%emt 0:06:15]} 13. c5+ {[%emt 0:00:42]} Kh8 {[%emt 0:06:06]} 14. Nh4 {[%emt 0:00:10]} g5 {[%emt 0:08:57]} 15. Bxh5 {[%emt 0:01:03]} gxh4 {[%emt 0:00:48]} 16. Rxh4 {[%emt 0:00:08]} e6 {[%emt 0:04:42]} 17. Bg6 {[%emt 0:00:55]} f5 {[%emt 0:01:27]} 18. exf5 {[%emt 0:00:41]} d5 {[%emt 0:02:23]} 19. Rxh7+ {[%emt 0:00:38]} Kg8 {[%emt 0:00:16]} 20. Nxd5 {[%emt 0:00:10]} Nc6 {[%emt 0:02:30]} 21. fxe6 {[%emt 0:01:12]} Qd8 {[%emt 0:02:32]} 22. e7 {[%emt 0:00:36]} Na5 {[%emt 0:00:57]} 23. Nf6# {[%emt 0:00:12]} 1-0

[Event "SVK Amateur-ch 2020"]
[Site "Topolcany"]
[Date "2020.07.11"]
[Round "3.9"]
[White "Plasek, Zdenek"]
[Black "Wisniewski, Michal"]
[Result "0-1"]
[WhiteElo "1933"]
[BlackElo "2127"]
[Annotator "ChessBase"]
[PlyCount "120"]
[EventDate "2020.07.10"]
[EventType "swiss"]
[EventCountry "SVK"]
[SourceTitle "playchess.com"]
[Source "ChessBase"]
[SourceQuality "1"]
[TimeControl "3600+30"]

1. Nf3 {[%emt 0:00:00]} Nf6 {[%emt 0:00:00]} 2. b3 {[%emt 0:00:00]} d5 {[%emt 0:00:00]} 3. Bb2 {[%emt 0:00:00]} Bf5 {[%emt 0:00:00]} 4. e3 {[%emt 0:01:25]} e6 {[%emt 0:00:11]} 5. Bb5+ {[%emt 0:01:17]} c6 {[%emt 0:00:12]} 6. Be2 {[%emt 0:00:03]} Nbd7 {[%emt 0:00:21]} 7. O-O {[%emt 0:00:11]} a5 {[%emt 0:00:24]} 8. a4 {[%emt 0:11:19]} Be7 {[%emt 0:00:24]} 9. d3 {[%emt 0:02:13]} h6 {[%emt 0:00:05]} 10. Nbd2 {[%emt 0:00:42]} O-O {[%emt 0:00:05]} 11. Ne5 {[%emt 0:00:17]} Nxe5 {[%emt 0:01:09]} 12. Bxe5 {[%emt 0:00:02]} Nd7 {[%emt 0:00:05]} 13. Bb2 {[%emt 0:00:23]} e5 {[%emt 0:00:08]} 14. e4 {[%emt 0:00:35]} Be6 {[%emt 0:00:23]} 15. Bg4 {[%emt 0:01:59]} f5 {[%emt 0:00:38]} 16. exf5 {[%emt 0:00:26]} Bxf5 {[%emt 0:00:03]} 17. Ba3 {[%emt 0:13:30]} Bxa3 {[%emt 0:01:43]} 18. Rxa3 {[%emt 0:00:04]} Qe7 {[%emt 0:09:38]} 19. Ra1 {[%emt 0:10:08]} Bg6 {[%emt 0:00:55]} 20. Bxd7 {[%emt 0:00:12]} Qxd7 {[%emt 0:00:06]} 21. Qe2 {[%emt 0:05:39]} Rae8 {[%emt 0:01:52]} 22. Qe3 {[%emt 0:00:22]} Qe7 {[%emt 0:08:27]} 23. Qb6 {[%emt 0:02:51]} Qg5 {[%emt 0:02:54]} 24. Qe3 {[%emt 0:00:03]} Qg4 {[%emt 0:03:45]} 25. Qg3 {[%emt 0:01:58]} Qe2 {[%emt 0:01:31]} 26. Qe3 {[%emt 0:00:03]} Qg4 {[%emt 0:00:27]} 27. Qg3 {[%emt 0:00:02]} Qxg3 {[%emt 0:00:09]} 28. hxg3 {[%emt 0:00:03]} e4 {[%emt 0:00:03]} 29. dxe4 {[%emt 0:00:47]} Bxe4 {[%emt 0:00:04]} 30. Nxe4 {[%emt 0:04:07]} Rxe4 {[%emt 0:00:01]} 31. Rfe1 {[%emt 0:00:07]} Rfe8 {[%emt 0:00:04]} 32. Rxe4 {[%emt 0:00:08]} Rxe4 {[%emt 0:00:07]} 33. Kf1 {[%emt 0:00:19]} Kf7 {[%emt 0:00:02]} 34. f3 {[%emt 0:00:17]} Re5 {[%emt 0:00:04]} 35. Kf2 {[%emt 0:00:18]} Ke6 {[%emt 0:00:02]} 36. Rd1 {[%emt 0:05:18]} Kd6 {[%emt 0:01:47]} 37. g4 {[%emt 0:00:56]} Kc5 {[%emt 0:00:15]} 38. c3 {[%emt 0:00:05]} b5 {[%emt 0:00:33]} 39. Ra1 {[%emt 0:02:01]} b4 {[%emt 0:01:00]} 40. Rc1 {[%emt 0:00:05]} Re6 {[%emt 0:02:58]} 41. f4 {[%emt 0:05:46]} bxc3 {[%emt 0:00:09]} 42. Rxc3+ {[%emt 0:00:01]} Kb4 {[%emt 0:00:05]} 43. Rd3 {[%emt 0:00:17]} Rd6 {[%emt 0:01:25]} 44. Kf3 {[%emt 0:01:30]} c5 {[%emt 0:00:06]} 45. g5 {[%emt 0:00:19]} hxg5 {[%emt 0:00:11]} 46. f5 {[%emt 0:00:03]} d4 {[%emt 0:01:00]} 47. Kg4 {[%emt 0:01:16]} c4 {[%emt 0:00:21]} 48. bxc4 {[%emt 0:00:03]} Kxc4 {[%emt 0:00:02]} 49. Rd1 {[%emt 0:00:51]} d3 {[%emt 0:00:11]} 50. Kxg5 {[%emt 0:00:04]} d2 {[%emt 0:00:10]} 51. Kf4 {[%emt 0:00:53]} Kd3 {[%emt 0:00:08]} 52. Ke5 {[%emt 0:00:26]} Rb6 {[%emt 0:00:04]} 53. g4 {[%emt 0:00:23]} Kc2 {[%emt 0:00:06]} 54. Rf1 {[%emt 0:01:31]} d1=Q {[%emt 0:00:06]} 55. Rxd1 {[%emt 0:00:13]} Kxd1 {[%emt 0:00:04]} 56. g5 {[%emt 0:00:14]} Kc2 {[%emt 0:00:03]} 57. f6 {[%emt 0:00:34]} gxf6+ {[%emt 0:00:03]} 58. gxf6 {[%emt 0:00:04]} Rb8 {[%emt 0:00:03]} 59. f7 {[%emt 0:01:21]} Kb3 {[%emt 0:00:03]} 60. f8=Q Rxf8 {[%emt 0:00:07]} 0-1

[Event "SVK Amateur-ch 2020"]
[Site "Topolcany"]
[Date "2020.07.11"]
[Round "3.10"]
[White "Matis, Tibor"]
[Black "Joba, Arpad"]
[Result "1/2-1/2"]
[WhiteElo "1939"]
[BlackElo "2124"]
[Annotator "ChessBase"]
[PlyCount "57"]
[EventDate "2020.07.10"]
[EventType "swiss"]
[EventCountry "SVK"]
[SourceTitle "playchess.com"]
[Source "ChessBase"]
[SourceQuality "1"]
[TimeControl "3600+30"]

1. a3 {[%emt 0:00:00]} a6 {[%emt 0:00:27]} 2. h3 {[%emt 0:00:18]} Nf6 {[%emt 0:00:09]} 3. d4 {[%emt 0:01:03]} g6 {[%emt 0:00:28]} 4. Nc3 {[%emt 0:00:25]} Bg7 {[%emt 0:03:31]} 5. e4 {[%emt 0:03:01]} d6 {[%emt 0:00:20]} 6. Nf3 {[%emt 0:00:15]} O-O {[%emt 0:01:21]} 7. Be3 {[%emt 0:00:11]} b5 {[%emt 0:00:53]} 8. Bd3 {[%emt 0:00:17]} Bb7 {[%emt 0:00:10]} 9. O-O {[%emt 0:00:07]} Nbd7 {[%emt 0:00:35]} 10. Qd2 {[%emt 0:02:54]} c5 {[%emt 0:09:37]} 11. d5 {[%emt 0:04:38]} c4 {[%emt 0:03:26]} 12. Be2 {[%emt 0:00:08]} Nc5 {[%emt 0:00:05]} 13. Bxc5 {[%emt 0:00:05]} dxc5 {[%emt 0:00:04]} 14. Qe3 {[%emt 0:03:36]} Nd7 {[%emt 0:01:18]} 15. Rad1 {[%emt 0:06:59]} Rc8 {[%emt 0:02:14]} 16. e5 {[%emt 0:05:04]} b4 {[%emt 0:00:31]} 17. axb4 {[%emt 0:02:18]} cxb4 {[%emt 0:00:07]} 18. Nb1 {[%emt 0:03:32]} Nb6 {[%emt 0:06:22]} 19. d6 {[%emt 0:03:28]} Nd5 {[%emt 0:00:20]} 20. Rxd5 {[%emt 0:00:04]} Bxd5 {[%emt 0:00:32]} 21. Rd1 {[%emt 0:00:07]} e6 {[%emt 0:00:42]} 22. c3 {[%emt 0:00:55]} a5 {[%emt 0:00:49]} 23. Nd4 {[%emt 0:00:15]} f6 {[%emt 0:06:34]} 24. Bg4 {[%emt 0:04:21]} f5 {[%emt 0:01:53]} 25. Bf3 {[%emt 0:00:32]} Bxf3 {[%emt 0:02:41]} 26. Nxe6 {[%emt 0:05:12]} Bxd1 {[%emt 0:01:23]} 27. Nxd8 {[%emt 0:00:08]} Rcxd8 {[%emt 0:01:27]} 28. f4 {[%emt 0:00:31]} g5 {[%emt 0:03:23]} 29. g3 {[%emt 0:00:10]} 1/2-1/2